On the product of distributions /
Guardado en:
| Autor Principal: | |
|---|---|
| Formato: | Libro |
| Idioma: | Spanish |
| Publicado: |
Bahía Blanca :
INMABB-CONICET, Universidad Nacional del Sur,
1990.
|
| Series: | Notas de álgebra y análisis (Instituto de Matemática, Universidad Nacional del Sur) ;
no. 16 |
| Acceso en línea: | Texto escaneado (PDF) |
| Etiquetas: |
Agregar Etiqueta
Sin Etiquetas, Sea el primero en etiquetar este registro!
|
| LEADER | 00795nam a22002055a 4500 | ||
|---|---|---|---|
| 001 | MAT.inmabb003175 | ||
| 008 | 051031s1990####ag#######b####000#0#spa#d | ||
| 005 | 20151030115044.0 | ||
| 245 | 1 | 0 | |a On the product of distributions / |c by Pablo A. Panzone. |
| 260 | |a Bahía Blanca : |b INMABB-CONICET, Universidad Nacional del Sur, |c 1990. | ||
| 300 | |a vi, 73 p. ; |c 27 cm. | ||
| 490 | 0 | |a Notas de álgebra y análisis ; |v no. 16 | |
| 504 | |a Bibliografía: p. 72-73. | ||
| 510 | 4 | |a MR, |c 92e:46085 | |
| 100 | 1 | |a Panzone, Pablo A. | |
| 830 | 0 | |a Notas de álgebra y análisis (Instituto de Matemática, Universidad Nacional del Sur) ; |v no. 16 | |
| 084 | |a 46F10 |2 msc2000 | ||
| 010 | |a 91143063 | ||
| 856 | 4 | 1 | |u http://inmabb-conicet.gob.ar/publicaciones/naa/naa-16.pdf |y Texto escaneado (PDF) |
| 859 | |b BIB. MATEMATICA | ||
